[Event "WchT Seniors 65"]
[Site "Dresden"]
[Date "2018.07.15"]
[Round "9.3"]
[White "Van Kemenade, Rudy"]
[Black "Borwell, Alan Peter"]
[Result "1-0"]
[WhiteElo "1948"]
[BlackElo "1934"]
[PlyCount "71"]
[EventDate "2018.07.07"]
[EventType "team-swiss"]
[EventRounds "9"]
[EventCountry "GER"]
[SourceTitle "EXT 2021"]
[Source "ChessBase"]
[SourceDate "2020.10.23"]
[SourceVersion "1"]
[SourceVersionDate "2020.10.23"]
[SourceQuality "1"]
[WhiteTeam "Wales Deheubarth"]
[BlackTeam "Scotland"]
[WhiteTeamCountry "WLS"]
[BlackTeamCountry "SCO"]

1. e4 c5 2. Nf3 d6 3. Bb5+ Nd7 4. 0-0 Ngf6 5. Re1 e6 6. c3 Be7 7. d4 a6 8. Bf1 cxd4 9. cxd4 0-0 10. a4 b6 11. Nc3 Bb7 12. h3 Rc8 13. Bf4 Ne8 14. Bd3 g6 15. Qe2 Ra8 16. Red1 Ng7 17. Rac1 Re8 18. Bb1 Nf6 19. Ba2 Qd7 20. e5 Nfh5 21. Bh2 Nf5 22. d5 Nhg7 23. g4 Nh4 24. Nxh4 Bxh4 25. dxe6 Nxe6 26. Rxd6 Qe7 27. Nd5 Bxd5 28. Bxd5 Rac8 29. Rxc8 Rxc8 30. Bxe6 Rc1+ 31. Kg2 fxe6 32. Rxb6 Qc5 33. Rb8+ Kg7 34. Rb7+ Be7 35. Qf3 Rc2 36. Qf6+ 1-0

[Event "SCO-ch 124th"]
[Site "Dundee"]
[Date "2017.07.19"]
[Round "5"]
[White "Borwell, Alan Peter"]
[Black "Wall, Tim"]
[Result "0-1"]
[WhiteElo "1938"]
[BlackElo "2242"]
[PlyCount "94"]
[EventDate "2017.07.15"]
[EventType "swiss"]
[EventRounds "9"]
[EventCountry "SCO"]
[SourceTitle "CBM 179 Extra"]
[Source "ChessBase"]
[SourceDate "2017.08.23"]
[SourceVersion "1"]
[SourceVersionDate "2017.08.23"]
[SourceQuality "1"]

1. e4 d5 2. exd5 Qxd5 3. Nc3 Qd6 4. d4 Nf6 5. Nf3 c6 6. Ne5 Nbd7 7. Bf4 Nd5 8. Ne4 Qc7 9. Bg3 Qa5+ 10. c3 Nxe5 11. Bxe5 Bf5 12. Bd3 e6 13. 0-0 Bxe4 14. Bxe4 Nf6 15. Qf3 Nd7 16. Rfe1 Nxe5 17. dxe5 Qc7 18. Rad1 Be7 19. Qg4 g6 20. h4 Rd8 21. Rxd8+ Qxd8 22. g3 Qd2 23. Qe2 Qd8 24. h5 0-0 25. Qg4 Kg7 26. Rd1 Qc7 27. Qf4 Rd8 28. Re1 Qb6 29. Kg2 Rf8 30. Rh1 g5 31. h6+ Kh8 32. Qc1 Qb5 33. Re1 Qxe5 34. Bxc6 Qc7 35. Ba4 Qc4 36. Bb3 Qc6+ 37. f3 Rg8 38. Qe3 Rg6 39. Qe5+ Bf6 40. Qb8+ Rg8 41. Qxa7 g4 42. Qe3 gxf3+ 43. Kf2 Rg5 44. Qa7 Qd6 45. Rg1 Qd2+ 46. Kxf3 Rf5+ 47. Kg4 Qe2+ 0-1

[Event "Dundee & Angus op"]
[Site "Dundee"]
[Date "2015.10.11"]
[Round "5"]
[White "Birkett, Richard"]
[Black "Borwell, Alan Peter"]
[Result "1-0"]
[WhiteElo "2061"]
[BlackElo "1989"]
[PlyCount "35"]
[EventDate "2015.10.09"]
[EventType "swiss"]
[EventRounds "5"]
[EventCountry "SCO"]
[SourceTitle "EXT 2023"]
[Source "ChessBase"]
[SourceDate "2022.10.05"]
[SourceVersion "1"]
[SourceVersionDate "2022.10.05"]
[SourceQuality "1"]

1. e4 c5 2. Nf3 a6 3. d4 cxd4 4. Qxd4 Nf6 5. e5 Nc6 6. Qa4 Nd5 7. c4 b5 8. Qd1 bxc4 9. Qxd5 e6 10. Qxc4 a5 11. Qa4 Qc7 12. Bf4 Rb8 13. Qc2 Qb6 14. Nc3 Nb4 15. Qd2 Ba6 16. Be2 Bc5 17. 0-0 Bxe2 18. Qxe2 1-0

[Event "Wch Seniors 65 24th"]
[Site "Katerini"]
[Date "2014.11.01"]
[Round "8"]
[White "Malmdin, Nils Ake"]
[Black "Borwell, Alan Peter"]
[Result "1/2-1/2"]
[WhiteElo "2208"]
[BlackElo "2032"]
[PlyCount "41"]
[EventDate "2014.10.24"]
[EventType "swiss"]
[EventRounds "11"]
[EventCountry "GRE"]
[SourceTitle "EXT 2015"]
[Source "ChessBase"]
[SourceDate "2014.11.20"]
[SourceVersion "1"]
[SourceVersionDate "2014.11.20"]
[SourceQuality "1"]

1. e4 c5 2. f4 e6 3. d3 d5 4. Nd2 Nc6 5. g3 g6 6. Bg2 Bg7 7. Ngf3 Nge7 8. 0-0 0-0 9. c3 b5 10. e5 Qb6 11. Re1 f6 12. Nf1 fxe5 13. fxe5 d4 14. c4 bxc4 15. dxc4 Bb7 16. Bf4 Rad8 17. Ng5 Bc8 18. h4 h6 19. Nf3 Nf5 20. Qd2 Qb4 21. a3 1/2-1/2

[Event "Wch Seniors 65 24th"]
[Site "Katerini"]
[Date "2014.10.31"]
[Round "7"]
[White "Borwell, Alan Peter"]
[Black "Hohler, Peter"]
[Result "1/2-1/2"]
[WhiteElo "2032"]
[BlackElo "2187"]
[PlyCount "63"]
[EventDate "2014.10.24"]
[EventType "swiss"]
[EventRounds "11"]
[EventCountry "GRE"]
[SourceTitle "EXT 2015"]
[Source "ChessBase"]
[SourceDate "2014.11.20"]
[SourceVersion "1"]
[SourceVersionDate "2014.11.20"]
[SourceQuality "1"]

1. e4 e5 2. Bc4 Nf6 3. d3 c6 4. Nf3 d5 5. Bb3 Bd6 6. Nc3 dxe4 7. dxe4 0-0 8. h3 Na6 9. Bg5 Nc5 10. 0-0 Qe7 11. Qe2 Be6 12. Rad1 Bc7 13. Nh4 h6 14. Bc1 a5 15. Qf3 Nh7 16. Qg3 Qf6 17. f4 exf4 18. Bxf4 Bxf4 19. Rxf4 Qg5 20. Qf2 a4 21. Bxe6 Nxe6 22. Rg4 Qe5 23. Nf5 h5 24. Rg3 a3 25. b3 Qc7 26. Rf1 g6 27. Ne2 Rad8 28. Qe3 Qe5 29. Nh6+ Kg7 30. Nf5+ Kh8 31. Qh6 gxf5 32. Rxf5 1/2-1/2